000 00388nam a22001571a 4500
003 NEGST
005 20110718133005.0
008 030714s1962 001 0 eng d
020 _a9966843639
245 0 0 _aAmharic Bible /.
260 _aNairobi :
_bUnited Bible Societies,
_c1962.
300 _a955p.
590 _aAccession number: 30515
630 0 0 _aBible Amharic.
999 _c39444
_d39444